[Event "Joao Pessoa Fischer Memorial 11th"]
[Site "Joao Pessoa"]
[Date "2022.05.07"]
[Round "4"]
[White "Batista Inacio, Pedro Lews"]
[Black "Freitas, Sophia Brasil"]
[Result "1/2-1/2"]
[WhiteElo "1666"]
[BlackElo "1435"]
[PlyCount "165"]
[EventDate "2022.05.06"]
[EventType "swiss"]
[EventRounds "6"]
[EventCountry "BRA"]
[SourceTitle "EXT 2023"]
[Source "ChessBase"]
[SourceDate "2022.10.05"]
[SourceVersion "1"]
[SourceVersionDate "2022.10.05"]
[SourceQuality "1"]

1. d4 Nf6 2. Nf3 g6 3. Bf4 Bg7 4. e3 0-0 5. Be2 d6 6. 0-0 Nbd7 7. Nbd2 c5 8. c3 cxd4 9. exd4 Nb6 10. Nc4 Nbd5 11. Bd2 Ne4 12. Bc1 Bd7 13. Ne3 Nxe3 14. Bxe3 Qc7 15. Nd2 f5 16. Qb3+ Kh8 17. Bf3 Nxd2 18. Bxd2 Rab8 19. d5 Rfe8 20. Rfe1 a6 21. Bg5 Bb5 22. a4 Bc4 23. Qc2 e5 24. dxe6 Bxe6 25. Bf4 Be5 26. Qd2 Bf7 27. g3 Re7 28. Bg5 Ree8 29. Bd5 Rbc8 30. h4 Be6 31. Kh2 Qf7 32. Rad1 Bxd5 33. Qxd5 Qxd5 34. Rxd5 Bxg3+ 35. Kxg3 Rxe1 36. Bf6+ Kg8 37. Rxd6 Rb1 38. b4 Rc6 39. Rd8+ Kf7 40. Bd4 Rc7 41. Rd6 Ke7 42. Rb6 Re1 43. Be3 Rg1+ 44. Kh2 Rg4 45. Kh3 Rgc4 46. h5 R4c6 47. hxg6 hxg6 48. Rxc6 Rxc6 49. Bd4 Rc4 50. Kg3 a5 51. bxa5 Rxa4 52. Bc5+ Ke6 53. Bb4 Ra1 54. Kf3 Re1 55. Kf4 Re4+ 56. Kf3 g5 57. Kg3 Kd5 58. f3 Rf4 59. Be7 Rc4 60. Bxg5 Rxc3 61. Bd2 Ra3 62. Kf4 Ke6 63. Be1 Ra4+ 64. Ke3 Kd5 65. Kd3 Ra3+ 66. Bc3 Kc5 67. f4 Kd5 68. Kc2 Ke4 69. Kb2 Rxc3 70. Kxc3 Kxf4 71. Kb4 Ke3 72. Kb5 f4 73. Kb6 f3 74. Kxb7 f2 75. a6 f1Q 76. a7 Qf3+ 77. Kb8 Qf4+ 78. Kb7 Qe4+ 79. Kb8 Qe5+ 80. Kb7 Qe7+ 81. Kb8 Qd6+ 82. Kb7 Qd7+ 83. Kb8 1/2-1/2

[Event "Joao Pessoa Fischer Memorial 11th"]
[Site "Joao Pessoa"]
[Date "2022.05.06"]
[Round "2"]
[White "Batista Inacio, Pedro Lews"]
[Black "De Almeida, Valdemiza Gurgel"]
[Result "1-0"]
[WhiteElo "1666"]
[BlackElo "1362"]
[PlyCount "73"]
[EventDate "2022.05.06"]
[EventType "swiss"]
[EventRounds "6"]
[EventCountry "BRA"]
[SourceTitle "EXT 2023"]
[Source "ChessBase"]
[SourceDate "2022.10.05"]
[SourceVersion "1"]
[SourceVersionDate "2022.10.05"]
[SourceQuality "1"]

1. d4 d6 2. Nf3 Nd7 3. Bf4 c6 4. c3 Qc7 5. e4 e5 6. dxe5 dxe5 7. Bg3 g6 8. Bc4 Bg7 9. Qb3 Nh6 10. 0-0 0-0 11. h3 Nc5 12. Qc2 b5 13. Bb3 a5 14. a4 Ba6 15. Rd1 Kh8 16. axb5 cxb5 17. Bd5 Bb7 18. Na3 Bxd5 19. Rxd5 Qc6 20. b4 axb4 21. cxb4 f5 22. Bxe5 fxe4 23. Bxg7+ Kxg7 24. Rxc5 Qf6 25. Ne5 Nf5 26. Qc3 Kg8 27. Nd7 Qxc3 28. Rxc3 Rf7 29. Rd1 Kg7 30. Nc5 Kh6 31. Nxe4 Ra4 32. Rb3 Re7 33. f3 Re6 34. Nc5 Re3 35. Rxe3 Nxe3 36. Rd3 Rxb4 37. Rxe3 1-0

[Event "FISU World University"]
[Site "Tornelo INT"]
[Date "2020.10.26"]
[Round "2.28"]
[White "Araujo, Lucas Filipe Echer"]
[Black "Batista Inacio, Pedro Lews"]
[Result "1-0"]
[WhiteElo "1788"]
[BlackElo "1687"]
[PlyCount "97"]
[EventDate "2020.10.26"]
[EventType "team-swiss (rapid)"]
[EventRounds "9"]
[EventCountry "NET"]
[SourceTitle "CBM 199 Extra"]
[Source "ChessBase"]
[SourceDate "2021.01.31"]
[SourceVersion "1"]
[SourceVersionDate "2021.01.31"]
[SourceQuality "1"]
[WhiteTeam "Brazil III"]
[BlackTeam "Brazil V"]
[WhiteTeamCountry "BRA"]
[BlackTeamCountry "BRA"]

1. c4 Nf6 2. g3 e5 3. Bg2 Be7 4. Nc3 0-0 5. Nf3 d6 6. 0-0 Be6 7. d3 c6 8. Bd2 h6 9. h3 Qc8 10. Kh2 Nbd7 11. Rb1 Rb8 12. b4 b5 13. cxb5 cxb5 14. a3 a6 15. Rc1 Qd8 16. Qc2 Nb6 17. Be3 Nbd5 18. Nxd5 Nxd5 19. Bd2 Rc8 20. Qb2 Bf6 21. Qb1 Qd7 22. e4 Nb6 23. Be3 Na4 24. Rxc8 Rxc8 25. Rc1 Bd8 26. d4 exd4 27. Nxd4 Bc4 28. h4 Qe8 29. Nf5 Bc7 30. Qa1 f6 31. Qd4 Bb6 32. Qxd6 Bxe3 33. fxe3 Rd8 34. Qxa6 Rd2 35. Qb7 Rd7 36. Qc6 Qd8 37. Rxc4 bxc4 38. Qxa4 g6 39. Nxh6+ Kg7 40. Ng4 Qc7 41. Qc2 c3 42. Qf2 Rd6 43. Qf4 Rc6 44. Qh6+ Kf7 45. e5 fxe5 46. Bxc6 c2 47. Qh7+ Ke6 48. Qxc7 c1Q 49. Bd7+ 1-0

[Event "FISU World University"]
[Site "Tornelo INT"]
[Date "2020.10.26"]
[Round "1.20"]
[White "Batista Inacio, Pedro Lews"]
[Black "Alboredo, Julia"]
[Result "0-1"]
[WhiteElo "1687"]
[BlackElo "2182"]
[PlyCount "96"]
[EventDate "2020.10.26"]
[EventType "team-swiss (rapid)"]
[EventRounds "9"]
[EventCountry "NET"]
[SourceTitle "CBM 199 Extra"]
[Source "ChessBase"]
[SourceDate "2021.01.31"]
[SourceVersion "1"]
[SourceVersionDate "2021.01.31"]
[SourceQuality "1"]
[WhiteTeam "Brazil V"]
[BlackTeam "Brazil"]
[WhiteTeamCountry "BRA"]
[BlackTeamCountry "BRA"]

1. d4 Nf6 2. Nf3 g6 3. Bf4 Bg7 4. h3 0-0 5. e3 d6 6. Be2 b6 7. 0-0 Bb7 8. Nbd2 Nbd7 9. Rc1 Re8 10. Nc4 Ne4 11. Bh2 e5 12. c3 Ng5 13. dxe5 dxe5 14. a3 Qe7 15. Nxg5 Qxg5 16. Bf3 e4 17. Bg4 Nf6 18. Bf4 Qc5 19. Qd4 Qe7 20. Qe5 Nxg4 21. Qxe7 Rxe7 22. hxg4 Ba6 23. b3 b5 24. Na5 b4 25. Rfd1 bxc3 26. Nc6 Ree8 27. Nb4 Be2 28. Rd7 c5 29. Nd5 Bxg4 30. Rd6 Rad8 31. Nxc3 Bf5 32. Nb5 a6 33. Nc7 Rxd6 34. Bxd6 Rb8 35. b4 cxb4 36. Nxa6 Rb6 37. axb4 Rxd6 38. b5 Rb6 39. Rc5 Bf8 40. Rd5 Be6 41. Re5 Bc4 42. Nc7 f5 43. f3 Bd6 44. Re8+ Kf7 45. Rc8 Bxb5 46. Nd5 Rc6 47. Rxc6 Bxc6 48. fxe4 fxe4 0-1